Knight Frank European investment commentary (Record no. 107833)

MARC details
000 -LEADER
fixed length control field 01486cad a22002295a 4500
001 - CONTROL NUMBER
control field L142052
008 - FIXED-LENGTH DATA ELEMENTS--GENERAL INFORMATION
fixed length control field 080123s2007 xxkad f s 000 0 eng d
035 ## - SYSTEM CONTROL NUMBER
System control number (Sirsi) u142052
041 0# - LANGUAGE CODE
Language code of text/sound track or separate title eng
050 04 - LIBRARY OF CONGRESS CALL NUMBER
Classification number 333.332 $2 18
110 2# - MAIN ENTRY--CORPORATE NAME
Corporate name or jurisdiction name as entry element Knight Frank
9 (RLIN) 1530
245 00 - TITLE STATEMENT
Title Knight Frank European investment commentary
Remainder of title Winter 2007/8
Medium [electronic resource]
260 ## - PUBLICATION, DISTRIBUTION, ETC.
Place of publication, distribution, etc. London
Name of publisher, distributor, etc. Knight Frank
Date of publication, distribution, etc. 2007
490 #0 - SERIES STATEMENT
Series statement Knight Frank European Investment Commentary
Volume/sequential designation Winter 2007/8
520 ## - SUMMARY, ETC.
Summary, etc. Reports European GDP grew above trend in 2007. Expects 2.5% growth for the Eurozone in 2007, falling to 2.1% in 2008. Suggests that the US subprime crisis has spread to Europe, creating market uncertainty and a slowdown in commercial property investment activity, particularly in the UK. Finds Eurozone inflation increased sharply in the second half of 2007, leaving the European Central Bank with little opportunity to cut interest rates. Reports robust occupier markets, with falling vacancy rates and rising rents in several major European office markets.
590 ## - LOCAL NOTE (RLIN)
Local note KA
650 24 - SUBJECT ADDED ENTRY--TOPICAL TERM
Topical term or geographic name entry element KNIGHT FRANK EUROPEAN INVESTMENT COMMENTARY
651 #4 - SUBJECT ADDED ENTRY--GEOGRAPHIC NAME
Geographic name Europe
690 ## - LOCAL SUBJECT ADDED ENTRY--TOPICAL TERM (OCLC, RLIN)
Topical term or geographic name as entry element PROPERTY-COMMERCIAL PROPERTY-COMMERCIAL PROPERTY MARKET
856 40 - ELECTRONIC LOCATION AND ACCESS
Uniform Resource Identifier <a href="https://www.propertyweek.com/Journals/Builder_Group/Property_Week/21_December_2007/attachments/European%20Investment%20Commentary%20Knight%20Frank%20Winter%2007.pdf">https://www.propertyweek.com/Journals/Builder_Group/Property_Week/21_December_2007/attachments/European%20Investment%20Commentary%20Knight%20Frank%20Winter%2007.pdf</a>
Public note View this report free of charge under research at www. knightfrank.com...
942 ## - ADDED ENTRY ELEMENTS (KOHA)
Suppress in OPAC 0
Holdings
Withdrawn status Lost status Source of classification or shelving scheme Damaged status Not for loan Home library Current library Shelving location Date acquired Total Checkouts Full call number Barcode Date last seen Copy number Price effective from Koha item type
    Dewey Decimal Classification     Virtual Virtual Online 23/01/2008   ONLINE PUBLICATION 142052-1001 06/08/2019 1 06/08/2019 Book